| 000 -CABECERA |
| fixed length control field |
01655nam a22002417a 4500 |
| 003 - IDENTIFICADOR DEL NÚMERO DE CONTROL |
| control field |
AR-CdUCM |
| 008 - DATOS DE LONGITUD FIJA--INFORMACIÓN GENERAL |
| fixed length control field |
190429b ||||| |||| 00| 0 spa d |
| 040 ## - FUENTE DE LA CATALOGACIÓN |
| Agencia/entidad que catalogó originalmente la obra |
MUNICIPALIDAD PROVINCIAL DEL CUSCO |
| Entidad que transcribió la catalogación |
BIBLIOTECA MUNICIPAL DEL CUSCO |
| 082 ## - NÚMERO DE LA CLASIFICACIÓN DECIMAL DEWEY |
| No. de Clasificación |
Rijchariy/N°2/1967 |
| 245 ## - MENCIÓN DE TÍTULO |
| Título |
Rijchariy : |
| Resto del título |
revista cultural / |
| Mención de responsabilidad |
Cesar Lomellini Carenzi |
| 260 ## - PUBLICACIÓN, DISTRIBUCIÓN, ETC. |
| Lugar de publicación, distribución, etc. |
Cusco : |
| Nombre de la editorial, distribuidor, etc. |
Rijchariy, |
| Fecha de publicación, distribución, etc. |
1967. |
| 300 ## - DESCRIPCIÓN FÍSICA |
| Nº de Páginas Extensión |
47 páginas. : |
| Otros detalles físicos |
imágenes ; |
| Dimensiones |
24 cm. |
| 440 ## - MENCIÓN DE SERIE/PUNTO DE ACCESO ADICIONAL--TÍTULO |
| Título |
Rijchariy revista cultural. |
| Número de la parte/sección de una obra |
Año II, abril, mayo 1967, N°2 |
| 9 (RLIN) |
47322 |
| 505 ## - NOTA DE CONTENIDO CON FORMATO |
| Nota de contenido formateada |
Contenido: La función vital de la Pedagogía. José Tarquino Guevara S. -- Un minuto con Mariano Fuentes Lira director de la Escuela Normal de Bellas Artes. -- Reportaje de bolsillo Abel Jiménez A. El pintor de las barbas. -- Teatro de cámara los cretinos iluminados. Raúl Brozovich. -- Sinlogismos greguerias notas y otras definiciones. -- Revista de libros exposiciones de pintura y crónicas de las actividades culturales. -- La asociación de artistas plásticos del Cuzco reclama un local de exposiciones. -- El Amor. -- Poesía homenaje a Rubén Darío. -- Los amores de Ollantay y Kusikcoyllur. -- Contrapunto. Gustavo Pérez Ocampo. -- Exposiciones de pintura. Grabados. -- Estampa del árbol centenario. -- Museo Virreynal. Teófilo Benavente. -- Del cine y del teatro. Kukuli. -- Cine cusqueño. |
| 650 ## - PUNTO DE ACCESO ADICIONAL DE MATERIA--TÉRMINO DE MATERIA |
| Descriptor |
Poesía cusqueña |
| 9 (RLIN) |
2323 |
| 650 ## - PUNTO DE ACCESO ADICIONAL DE MATERIA--TÉRMINO DE MATERIA |
| Descriptor |
Literatura cusqueña |
| 9 (RLIN) |
47323 |
| 650 ## - PUNTO DE ACCESO ADICIONAL DE MATERIA--TÉRMINO DE MATERIA |
| Descriptor |
Cine cusqueño |
| 9 (RLIN) |
46144 |
| 700 ## - PUNTO DE ACCESO ADICIONAL--NOMBRE DE PERSONA |
| Nombre Personal |
Brozovich, Raúl |
| 9 (RLIN) |
47254 |
| 700 ## - PUNTO DE ACCESO ADICIONAL--NOMBRE DE PERSONA |
| Nombre Personal |
Baush Bedoya, Germán |
| 9 (RLIN) |
47324 |
| 942 ## - ELEMENTOS DE PUNTO DE ACCESO ADICIONAL (KOHA) |
| Fuente de clasificación |
|
| Tipo de item |
Revistas cusqueñas |
| 945 ## - PROCESAMIENTO DE INFORMACIÓN LOCAL (OCLC) |
| Catalogador |
rac |